<?xml version="1.0" encoding="UTF-8"?>
<marc:record xmlns:marc="http://www.loc.gov/MARC21/slim">
   <marc:leader>00000nam a2200000 a 4500</marc:leader>
   <marc:datafield ind1="1" ind2=" " tag="100">
      <marc:subfield code="a">Schäuble, Martin</marc:subfield>
      <marc:subfield code="4">aut</marc:subfield>
      <marc:subfield code="e">Verfasser/-in</marc:subfield>
   </marc:datafield>
   <marc:datafield ind1="0" ind2="0" tag="245">
      <marc:subfield code="a">Die Geschichte der Israelis und Palästinenser</marc:subfield>
   </marc:datafield>
   <marc:datafield ind1="0" ind2="0" tag="245">
      <marc:subfield code="b">der Nahost-Konflikt aus Sicht derer, die ihn erleben</marc:subfield>
   </marc:datafield>
   <marc:datafield ind1=" " ind2="1" tag="264">
      <marc:subfield code="b">Hanser</marc:subfield>
      <marc:subfield code="c">2025</marc:subfield>
   </marc:datafield>
   <marc:datafield ind1="1" ind2=" " tag="520">
      <marc:subfield code="a">Hochaktuell und jetzt als erweiterte Neuausgabe: Das Standardwerk zum Nahost-Konflikt von der Staatsgründung bis zum Hamas-Angriff und dem Krieg in GazaHochaktuell, kenntnisreich und vor Ort recherchiert: Wer den Nahost-Konflikt verstehen will, muss den Menschen zuhören, die ihn erlebt haben - von den 1930er Jahren bis zum Hamas-Angriff auf Israel und dem folgenden Krieg. Martin Schäuble hat über viele Jahre mit Israelis und Palästinensern gesprochen. Sie berichten von einem Leben im Ausnahmezustand, von langen, erbitterten Kämpfen. Was sie aus dem Alltag erzählen, macht überdeutlich, dass es nicht die eine gültige Wahrheit gibt. »Schäuble gelingt es auf erstaunliche Weise, neutral zu bleiben in seiner Zusammenfassung der Geschichte, um die genauso gerungen wird wie um das Land.« Moritz Baumstieger, Süddeutsche ZeitungMit Karten, Zeittafel, vielen Medientipps und Originaldokumenten. Erhellend, nicht nur für junge Leser:innen.</marc:subfield>
   </marc:datafield>
   <marc:datafield ind1=" " ind2=" " tag="020">
      <marc:subfield code="a">9783446284906</marc:subfield>
      <marc:subfield code="9">9783446284906</marc:subfield>
   </marc:datafield>
</marc:record>
